[Event "Sabadell Coral Colon op 10th"]
[Site "Sabadell"]
[Date "2016.01.29"]
[Round "2"]
[White "Ara Aymani, Emili"]
[Black "Garcia Millan, Daniel"]
[Result "1-0"]
[WhiteElo "1875"]
[BlackElo "1789"]
[PlyCount "60"]
[EventDate "2016.01.22"]
[EventType "swiss"]
[EventRounds "9"]
[EventCountry "ESP"]
[SourceTitle "EXT 2017"]
[Source "ChessBase"]
[SourceDate "2016.10.25"]
[SourceVersion "1"]
[SourceVersionDate "2016.10.25"]
[SourceQuality "1"]

1. e4 c5 2. Nf3 e6 3. d4 cxd4 4. Nxd4 Nc6 5. Be2 Nf6 6. Nxc6 bxc6 7. Nd2 Qc7 8. 0-0 Be7 9. Bd3 0-0 10. f4 Bc5+ 11. Kh1 d6 12. Nb3 Bb6 13. Bd2 Bb7 14. Bc3 e5 15. Qf3 Rfe8 16. Nd2 a6 17. g4 Nd7 18. Nc4 Ba7 19. Ba5 Qb8 20. fxe5 Nxe5 21. Nxe5 Rxe5 22. Qxf7+ Kh8 23. Bc3 Rg5 24. h3 d5 25. Rf5 Rg6 26. Raf1 h6 27. Qxg6 d4 28. Rf7 Qg8 29. Bd2 Rb8 30. Bxh6 Qh7 1-0

[Event "Sabadell Coral Colon op 9th"]
[Site "Sabadell"]
[Date "2015.02.27"]
[Round "4"]
[White "Puig Martinez, Jordi"]
[Black "Garcia Millan, Daniel"]
[Result "1-0"]
[WhiteElo "1979"]
[BlackElo "1731"]
[PlyCount "89"]
[EventDate "2015.02.06"]
[EventType "swiss"]
[EventRounds "9"]
[EventCountry "ESP"]
[SourceTitle "EXT 2016"]
[Source "ChessBase"]
[SourceDate "2015.10.08"]
[SourceVersion "1"]
[SourceVersionDate "2015.10.08"]
[SourceQuality "1"]

1. d4 d5 2. e3 Nf6 3. f4 Bf5 4. Nf3 e6 5. Bd3 Bxd3 6. Qxd3 c5 7. c3 Nbd7 8. Nbd2 Be7 9. 0-0 0-0 10. Ne5 Rc8 11. Rf3 Nxe5 12. fxe5 Ne8 13. e4 cxd4 14. cxd4 Bg5 15. Rh3 g6 16. Nb3 Bxc1 17. Rxc1 Rxc1+ 18. Nxc1 Qg5 19. Nb3 Ng7 20. exd5 exd5 21. Qd2 Ne6 22. Qxg5 Nxg5 23. Rc3 Ne6 24. g3 f6 25. exf6 Rxf6 26. Kg2 Kg7 27. Re3 b6 28. Re5 Nc7 29. Nd2 Re6 30. Nf3 Rxe5 31. Nxe5 Ne6 32. Nc6 a5 33. Kf3 Kf6 34. Ke3 Kf5 35. Ne7+ Kg4 36. Nxd5 Kh3 37. Nf4+ Kxh2 38. Nxe6 Kxg3 39. d5 h5 40. d6 h4 41. Ng5 Kg4 42. Nf3 g5 43. Kf2 Kf5 44. d7 g4 45. Nxh4+ 1-0